India's undernourished children <a> call for reform and action

Salvato in:
Dettagli Bibliografici
Autore principale: Gragnolati, Michele
Natura: Libro
Lingua:inglese
Pubblicazione: Washington, D.C. <The> World Bank 2006
Serie:Health, nutrition, and population series
Soggetti:
Tags: Aggiungi Tag
Nessun Tag, puoi essere il primo ad aggiungerne!!

MARC

LEADER 00000nam$a2200000$$$4500
001 0045501
005 20240315115446.2
020 |a 0-8213-6587-8 
041 0 |a eng 
044 |a US 
245 1 0 |a India's undernourished children  |b <a> call for reform and action  |c Michele Gragnolati ... [et al.] 
264 1 |a Washington, D.C.  |b <The> World Bank  |c 2006 
300 |a 120 s. 
490 1 |a Health, nutrition, and population series 
830 0 |a Health, nutrition, and population series 
610 2 0 |a krajiny rozvojové 
610 2 0 |a výživa 
610 2 0 |a potraviny 
610 2 0 |a deti 
610 2 0 |a chudoba 
610 2 0 |a chorobnosť 
610 2 0 |a programy rozvojové 
610 2 0 |a problémy spoločenské 
610 2 0 |a reformy 
610 2 0 |a India 
100 1 |a Gragnolati, Michele